| 000 | 00580nam a22001937a 4500 | ||
|---|---|---|---|
| 999 |
_c159717 _d159717 |
||
| 005 | 20190103104013.0 | ||
| 010 | _aENG-124623 | ||
| 020 |
_a9788192557162 _c750.00 |
||
| 035 | _aEN-108155 | ||
| 037 | _bDBAD/PUB | ||
| 082 | _a331.70235 | ||
| 100 | _aJha, Vishwa Nath | ||
| 245 |
_aCareer exploration for teens/ _cby Vishwa Nath Jha |
||
| 260 |
_c2018 _aAllahabad _bAnurag Publication |
||
| 270 |
_a116/70, Lukerganj, _bAllahbad _e211001 |
||
| 300 |
_c21cm(Hb) _a216p. _bill.picture |
||
| 500 | _aIt includes bibliography | ||
| 942 |
_cEN _2ddc _mJHA _h331.70235 |
||